000 00435nam a2200169Ia 4500
003 LK-CoDNM
008 010623t xxu||||| |||| 00| 1 sin d
040 _aLK-CoDNM
_dLK-CoDNM
_eLK-CoDNM
041 _asin
080 _a(x) 92
245 _aරජරට ජනතා පුත්‍රයා
246 _aRajarata janatha puthraya
300 _b33, 21 cm
650 _aBiography
650 _aMaithreepala Senanayake
942 _cBK
999 _c140603
_d140603